| 000 | 00599nam a2200217Ia 4500 | ||
|---|---|---|---|
| 005 | 20250704144535.0 | ||
| 008 | 008 250516s9999 xx 000 0 eng d | ||
| 020 | _a9780702051401 | ||
| 040 |
_beng _cSDCL |
||
| 041 |
_aeng _2eng |
||
| 084 | _aE9G Q4 | ||
| 245 | 0 |
_aClinical Biochemistry : _bMetabolic and clinical aspects |
|
| 250 | _a3rd ed. | ||
| 260 |
_aEdinburgh : _bElsevier, _c2014. |
||
| 300 | _ax, 932p. | ||
| 650 | _aBiochemistry | ||
| 700 | _aMarshall, William J. Ed. | ||
| 700 |
_aLapsley, Marta Ed. _9815196 |
||
| 700 |
_aDay, Andrew P. Ed. _9815197 |
||
| 942 |
_cTEXL _2CC |
||
| 999 |
_c1429422 _d1429422 |
||